III Congreso Internacional de Investigación Educativa: educación y globalización /
Guardado en:
| Hovedforfatter: | |
|---|---|
| Institution som forfatter: | |
| Format: | Procedimiento de la Conferencia Bog |
| Sprog: | Spanish |
| Udgivet: |
[San José, Costa Rica] :
INIE,
2015
|
| Fag: | |
| Tags: |
Tilføj Tag
Ingen Tags, Vær først til at tagge denne postø!
|
MARC
| LEADER | 00000nam a22000007a 4500 | ||
|---|---|---|---|
| 008 | 150911b2015 cr ||||| |||| 00| | spa d | ||
| 090 | |a 19.02.08 |b 2275 | ||
| 100 | 1 | |9 987 |a Murillo Sancho, Gabriela | |
| 245 | 1 | 4 | |a III Congreso Internacional de Investigación Educativa: educación y globalización / |c Gabriela Murillo Sancho |
| 260 | |a [San José, Costa Rica] : |b INIE, |c 2015 | ||
| 300 | |a 48 páginas; 18 páginas sin numerar | ||
| 650 | 1 | 4 | |9 267 |a INFORMES |
| 650 | 1 | 4 | |9 1 |a EDUCACIÓN |
| 650 | 1 | 4 | |9 506 |a CONFERENCIA |
| 650 | 1 | 4 | |9 326 |a INVESTIGACIÓN EDUCATIVA |
| 711 | |9 988 |a Congreso Internacional de Investigación Educativa: educación y globalización (3 : 2015 : San José, Costa Rica) | ||
| 942 | |i 004055 |h 19.02.08 2275 |2 z |c 04 | ||
| 999 | |c 2866 |d 2866 | ||
